Clasificación histórica - Champions League - Estadísticas

Estadísticas generales
  • Esta prueba ha sido intentada 358 veces
    83 desde el último reinicio
  • La puntuación promedio es 23 de 25
Estadísticas de respuestas
Top País Equipo % Correcto
Italia A.C. Milán
100%
12° Países Bajos Ajax
100%
15° España Atletico Madrid
100%
11° Inglaterra Chelsea F.C.
100%
España F.C. Barcelona
100%
10° Italia F.C. Internazionale
100%
Portugal F.C. Porto
100%
Italia Juventus F.C.
100%
Inglaterra Manchester United
100%
16° Francia Paris Saint-Germain
100%
España Real Madrid
100%
Portugal S.L.Benfica
100%
13° Inglaterra Arsenal F.C.
97%
14° Alemania Borussia Dortmund
96%
Inglaterra Liverpool F.C.
96%
Alemania Bayern Munich
94%
20° Escocia Celtic F.C.
94%
17° Inglaterra Manchester City
94%
18° Países Bajos PSV Eindhoven
89%
23° España Valencia C.F.
89%
21° Francia Olympique de Lyon
87%
24° Turquia Galatasaray
84%
19° Ucrania Dynamo Kiev
60%
25° Grecia Olympiakós
54%
22° Belgica Anderlecht
51%
No se encontraron pruebas coincidentes
Distribución de puntuación
Porcentaje de gente con cada puntuación
Porcentaje por número respondido
Historial de tus puntuaciones
No has intentado esta prueba desde el último reinicio